Operations on signed distance functions
We present a theoretical overview of signed distance functions and analyze how sphere tracing algorithms slow down in the presence of set operations on said implicit representations.
Elmentve itt :
| Szerzők: | |
|---|---|
| Testületi szerző: | |
| Dokumentumtípus: | Könyv része |
| Megjelent: |
2018
|
| Sorozat: | Conference of PhD Students in Computer Science
11 |
| Kulcsszavak: | Számítógépes grafika, Számítástechnika |
| Online Access: | http://acta.bibl.u-szeged.hu/61762 |
| LEADER | 00924naa a2200205 i 4500 | ||
|---|---|---|---|
| 001 | acta61762 | ||
| 005 | 20260224081030.0 | ||
| 008 | 191028s2018 hu o 100 eng d | ||
| 040 | |a SZTE Egyetemi Kiadványok Repozitórium |b hun | ||
| 041 | |a eng | ||
| 100 | 1 | |a Bálint Csaba | |
| 245 | 1 | 0 | |a Operations on signed distance functions |h [elektronikus dokumentum] / |c Bálint Csaba |
| 260 | |c 2018 | ||
| 300 | |a 49 | ||
| 490 | 0 | |a Conference of PhD Students in Computer Science |v 11 | |
| 520 | 3 | |a We present a theoretical overview of signed distance functions and analyze how sphere tracing algorithms slow down in the presence of set operations on said implicit representations. | |
| 695 | |a Számítógépes grafika, Számítástechnika | ||
| 700 | 0 | 1 | |a Valasek Gábor |e aut |
| 710 | |a Conference of PhD students in computer science (11.) (2018) (Szeged) | ||
| 856 | 4 | 0 | |u http://acta.bibl.u-szeged.hu/61762/3/cscs_2018_049.pdf |z Dokumentum-elérés |